| 000 | 00762nam a2200217 i 4500 | ||
|---|---|---|---|
| 001 | 146385 | ||
| 003 | ES-MaACL | ||
| 005 | 20250928094255.0 | ||
| 007 | t| | ||
| 008 | 070907s1965 sp ||||1| spa d | ||
| 080 | _a92(Vega-Inclán, Benigno) | ||
| 100 | 1 |
_aTraver Tomás, Vicente. _9111246 |
|
| 245 | 1 | 3 |
_aEl Marqués de la Vega-Inclán... / _cpor Vicente Traver Tomás. |
| 260 |
_a[Castellón : _bTall. H. de F. Armengot], _c1965. |
||
| 300 |
_aXVI, 240 p. : _bil. ; _c22 cm. |
||
| 500 | _aPrecede al tít.: Dirección General de Bellas Artes... | ||
| 600 | 0 | 4 |
_aVega Inclán y Flaquer, Benigno, _cMarqués de la, _d1858-1942 _9113610 |
| 710 | 2 |
_aFundaciones Vega-Inclán. _9220443 |
|
| 852 |
_aES-MaACL _jC-28610 _bR.57686 |
||
| 999 |
_c146385 _d146385 |
||